000 00662nam a2200181 i 4500
001 75368
003 ES-MaACL
007 t|
008 040924q1926 fr ||||1| fre d
100 1 _aGranville, William Anthony.
_959664
245 1 0 _aEléments de calcul différentiel et intégral /
_cpar William Anthony Granville ; en collaboration pour l'edition avec Percey F. Smith ; traduit de l'anglais par A.A.M. Sallim.
250 _a10ème ed.
260 _aParis :
_bVuibert,
_c1926- (
_eChartres :
_fDurand)
300 _aVI, 548 p. :
_bil. ;
_c25 cm.
700 1 _aSmith, Percey F.
_9106912
700 1 _aSallim, A. A. M.
_9101982
852 _aES-MaACL
_jB-3890
999 _c75368
_d75368